[Event "IECG TG.2003.0.15051"]
[Site "IECG email"]
[Date "2003.12.05"]
[Round "1"]
[White "Willoughby, Peter"]
[Black "Heyer, Horst"]
[Result "1-0"]
[WhiteElo "1380"]
[BlackElo "1300"]
[PlyCount "61"]
[EventDate "2003.12.05"]
[EventType "match (corr)"]
[EventRounds "2"]
[SourceTitle "Corr 2008"]
[Source "ChessBase"]
[SourceDate "2008.06.24"]
[SourceVersion "1"]
[SourceVersionDate "2008.06.24"]
[SourceQuality "1"]

1. e4 e5 2. Nf3 Nc6 3. Bc4 Nf6 4. Ng5 Bc5 5. Bxf7+ Ke7 6. Bd5 Rf8 7. 0-0 d6 8. Bxc6 bxc6 9. d3 h6 10. Nf3 Bg4 11. Nbd2 Rb8 12. c3 Nd7 13. b4 Bb6 14. a4 a5 15. Ba3 c5 16. b5 Qe8 17. Rb1 Nf6 18. h3 c4 19. hxg4 Nxg4 20. d4 Qh5 21. dxe5 Rbd8 22. exd6+ cxd6 23. Nxc4 Bc7 24. e5 Rxf3 25. exd6+ Bxd6 26. Bxd6+ Ke6 27. Re1+ Kf5 28. Qxf3+ Kg6 29. Qg3 Kh7 30. b6 Nf6 31. b7 1-0